Loading...

Poachers in the Serengeti.

Home for vacation from school in England, Peter becomes involved in helping his father, a game commissioner, track down poachers plaguing his animal reserve.

Bibliographic Details
Main Author: Lousada, Audrey
Other Authors: Tresilian, Stuart (illus.)
Format: Printed Book
Language:English
Published: New York, Walker [1968, c1965]
Subjects:
LEADER 00931cam a22002291 4500
008 850906t19681965nyua j 000 1 eng
010 |a  68013994  
042 |a lcac 
043 |a f-tz--- 
082 0 0 |a [Fic] 
100 1 |a Lousada, Audrey. 
245 1 0 |a Poachers in the Serengeti.  |c Illustrated by Stuart Tresilian. 
260 |a New York,  |b Walker  |c [1968, c1965] 
300 |a 159 p.  |b illus.  |c 24 cm. 
520 |a Home for vacation from school in England, Peter becomes involved in helping his father, a game commissioner, track down poachers plaguing his animal reserve. 
650 1 |a Game protection  |x Fiction. 
651 1 |a Tanzania  |x Fiction. 
700 1 |a Tresilian, Stuart,  |e illus. 
906 |a 7  |b cbc  |c orignew  |d u  |e ocip  |f 19  |g y-gencatlg 
942 |c BK 
999 |c 362736  |d 362736 
952 |0 0  |1 0  |2 ddc  |4 0  |6 FIC  |7 3  |9 422197  |a UL  |b UL  |c PROC  |d 2021-10-25  |e Donation -I.G.Bhaskara Panikker Family  |l 0  |o [Fic]  |p G15519  |r 2021-10-25  |w 2021-10-25  |y BK